| 000 | 00341nam a2200145Ia 4500 | ||
|---|---|---|---|
| 008 | 210210b1905 xxu||||| |||| 00| 0 eng d | ||
| 041 | _aeng | ||
| 082 | _a829/969 | ||
| 100 | _aSCOTT (Sir W) | ||
| 245 | _aMonastery | ||
| 260 |
_aLondon _bMacmillan & Co. Ltd. _c1905 |
||
| 650 | _aMonastery | ||
| 690 | _aEnglish Fiction | ||
| 906 | _a017584 | ||
| 999 |
_c137568 _d137568 |
||